LEADER 01405nas 2200517-a 450 001 9910446754303321 005 20220226213023.0 011 $a2044-2696 035 $a(DE-599)ZDB2578374-9 035 $a(OCoLC)592389219 035 $a(CKB)110978966551706 035 $a(CONSER)--2020204601 035 $a(EXLCZ)99110978966551706 100 $a20100401a19209999 --- - 101 0 $aeng 135 $aur||||||||||| 181 $ctxt$2rdacontent 182 $cc$2rdamedia 183 $acr$2rdacarrier 200 00$aTheology 210 $a[London] $c[Society for Promoting Christian Knowledge]$d[1920]- 215 $avolumes$d24 cm 300 $aRefereed/Peer-reviewed 300 $a"A monthly journal of historic Christianity." 311 $a0040-571X 606 $aTheology$vPeriodicals 606 $aTheology$2fast$3(OCoLC)fst01149559 608 $aPeriodicals.$2fast 610 00$atheologie 610 00$atheology 610 00$achristendom 610 00$achristianity 610 00$areligie 610 00$areligion 610 00$ageschiedenis 610 00$ahistory 610 10$aChristianity 610 10$aChristendom 615 0$aTheology 615 7$aTheology. 676 $a230.005 712 02$aSociety for Promoting Christian Knowledge (Great Britain) 906 $aJOURNAL 912 $a9910446754303321 996 $aTheology$91208534 997 $aUNINA LEADER 01279nam a2200385 i 4500 001 991000916089707536 005 20020507175811.0 008 930629s1992 us ||| | eng d 020 $a3540505849 035 $ab10775341-39ule_inst 035 $aLE01304272$9ExL 040 $aDip.to Matematica$beng 082 0 $a515.7 084 $aAMS 00A20 084 $aAMS 28-XX 084 $aAMS 41-XX 084 $aAMS 42-XX 084 $aAMS 45-XX 084 $aAMS 46-XX 084 $aQA320.F95713 100 1 $aNikol?ski?, Nikola? Kapitonovich$0291974 245 10$aFunctional analysis I :$blinear functional analysis /$ced. N. K. Nikol'skij 250 $aEngl. ed 260 $aBerlin :$bSpringer-Verlag,$c1992 300 $a283 p. ;$c24 cm 490 0 $aEncyclopaedia of mathematical sciences,$x0938-0396 ;$v19 500 $aRussian ed. 1988 500 $aTransl. from the Russian by I. Tweddle 650 0$aFunctional analysis 907 $a.b10775341$b23-02-17$c28-06-02 912 $a991000916089707536 945 $aLE013 00A20 EMS11 V.19 (1992)$g1$i2013000005027$lle013$o-$pE0.00$q-$rl$s- $t0$u0$v0$w0$x0$y.i10874185$z28-06-02 996 $aFunctional analysis I$9922893 997 $aUNISALENTO 998 $ale013$b01-01-93$cm$da $e-$feng$gus $h0$i1